| 000 | 00482nam a2200193Ia 4500 | ||
|---|---|---|---|
| 003 | GCL | ||
| 008 | 140319s9999 xx 000 0 eng d | ||
| 040 |
_aGCL / _cGCL |
||
| 082 | 0 | 4 |
_a759.0671 _bC P |
| 100 | 1 | _aCALENO, NADINE | |
| 245 | 1 | 0 |
_aPOP ART / _cCALENO, NADINE |
| 700 | 1 | _aMARINACCE, KARINE | |
| 260 |
_a[S.N] : _bEDITIONS DU REGARD ، _c1989 |
||
| 300 | _a31 P | ||
| 490 |
_aPETITE TACHE AU PAYS DE _v0 |
||
| 650 | 0 | 4 | _aPAINTING |
| 650 | 0 | 4 | _aPOP ART |
| 942 |
_2ddc _cBK |
||
| 999 |
_c21982 _d21982 |
||